LEADER 01280nam a22003131i 4500 001 991002197129707536 005 20040216114820.0 008 040407s1999 it |||||||||||||||||mul 035 $ab12885691-39ule_inst 035 $aARCHE-086531$9ExL 040 $aDip.to Filologia Class. e Scienze Filosofiche$bita$cA.t.i. Arché s.c.r.l. Pandora Sicilia s.r.l. 041 0 $aitalat 082 04$a252.014 100 0 $aLeo$c$0714491 245 12$aI Sermoni quaresimali e sulle collette /$cLeone Magno ; introduzione critica e costituzione del testo di Elio Montanari ; traduzione di Silvano Puccini ; introduzione e commento di Marco Pratesi 260 $aBologna :$bEDB,$c[1999] 300 $a360 p. ;$c21 cm 440 0$aBiblioteca patristica 440 0$aLeone Magno Sermoni ;$v3 610 24$aChiesa cattolica romana$xSermoni 700 1 $aMontanari, Elio 700 1 $aPuccini, Silvano 700 1 $aPratesi, Marco 907 $a.b12885691$b02-04-14$c16-04-04 912 $a991002197129707536 945 $aLE007 870.1 Leo Papa 1 1999-01$g1$i2007000072790$lle007$o-$pE0.00$q-$rl$s- $t0$u0$v0$w0$x0$y.i13448845$z16-04-04 996 $aSermoni quaresimali e sulle collette$91381595 997 $aUNISALENTO 998 $ale007$b16-04-04$cm$da $e-$fmul$git $h2$i1